000 00363nam a22001697a 4500
003 UA-OsUOA
001 2798
007 ta
008 20050721b un ||||| |||| 00| 0 ukr d
100 _aKelsey
700 _aH. W.
942 _cBK
040 _aUA-OsUOA
_cUA-OsUOA
_dUA-OsUOA
245 _aHow to improve your bridge.
_bDictionary
955 _a2
650 7 _2UDC
999 _c288960
_d288960